01909cam a2200385 i 4500001001400000003000800014005001700022006001900039007001500058008004100073020003800114040003500152049002600187050002200213082001500235245010200250264005900352300004100411336002100452337002300473338003200496504005100528520053700579521001701116588004701133650003901180655002901219700003301248700003401281710001601315776003501331856012201366942001601488999001901504EDZ0000175489StDuBDS20161031105232.0m||||||||d||||||||cr |||||||||||131127s2014 cau fo| 001|0|eng|d a9781483346595 (ebook) :cNo price aStDuBDSbengcStDuBDSerdaepn aAlfaisal Main Library 0aLB2824b.E53 201404a379.1322300aEncyclopedia of education economics and finance /ceditors, Dominic J. Brewer, Lawrence O. Picus. 1aThousand Oaks, California :bSAGE Publications,c2014. a1 online resource (xxvii, 429 pages) atext2rdacontent acomputer2rdamedia aonline resource2rdacarrier aIncludes bibliographical references and index.8 aEconomics can be a lens for understanding the behaviour of schools, districts, states, and nations in meeting education needs of their populaces, as well as for understanding the individual decisions made by administrators, teachers, and students. Insights from economics help decision makers at the state level understand how to raise and distribute funds for public schools in an equitable manner for both schools and taxpayers. This encyclopedia contains over 300 entries by experts in the field that cover these issues and more. aSpecialized. aDescription based on print version record. 0aEducationxFinancevEncyclopedias. 7aElectronic books.2local1 aBrewer, Dominic J.,eeditor.1 aPicus, Larry,d1954-eeditor.2 aSage eBooks08iPrint version :z978145228185840uhttp://ezproxy.alfaisal.edu/login?url=http://sk.sagepub.com/reference/encyclopedia-of-education-economics-and-finance 2lcccEBOOKS c482337d482337